Deep Learning v jazyku Python knihovny Keras, Tensorflow
Gespeichert in:
| 1. Verfasser: | |
|---|---|
| Weitere Verfasser: | |
| Format: | Buch |
| Sprache: | Tschechisch |
| Veröffentlicht: |
Praha
GRADA Publishing
2019
|
| Ausgabe: | 1. vydání |
| Schriftenreihe: | Knihovna programátora
|
| Schlagworte: | |
| Tags: |
Keine Tags, Fügen Sie das erste Tag hinzu!
|
MARC
| LEADER | 00000nam a2200000 4500 | ||
|---|---|---|---|
| 001 | 0272178 | ||
| 005 | 20240229074701.1 | ||
| 020 | |a 978-80-247-3100-1 | ||
| 020 | |a 978-80-271-2750-4 | ||
| 020 | |a 978-80-271-2751-1 | ||
| 041 | 0 | |a cze | |
| 044 | |a CZ | ||
| 245 | 1 | 0 | |a Deep Learning v jazyku Python |b knihovny Keras, Tensorflow |c François Chollet ; přeložil: Rudolf Pecinovský |
| 250 | |a 1. vydání | ||
| 264 | 1 | |a Praha |b GRADA Publishing |c 2019 | |
| 300 | |a 328 s. | ||
| 490 | 1 | |a Knihovna programátora | |
| 830 | 0 | |a Knihovna programátora | |
| 610 | 2 | 0 | |a programovanie |
| 610 | 2 | 0 | |a jazyky programovacie |
| 100 | 1 | |a Chollet, François | |
| 700 | 1 | |a Pecinovský, Rudolf | |